Les chants du soleil noir : (Record no. 4300)

MARC details
000 -LEADER
fixed length control field 00558cam a22001931a 4500
001 - CONTROL NUMBER
control field af 48000991
003 - CONTROL NUMBER IDENTIFIER
control field DLC
005 - DATE AND TIME OF LATEST TRANSACTION
control field 20260227110846.0
008 - FIXED-LENGTH DATA ELEMENTS--GENERAL INFORMATION
fixed length control field 860609s1943 fr 000 0 fre
010 ## - LIBRARY OF CONGRESS CONTROL NUMBER
LC control number af 48000991
035 ## - SYSTEM CONTROL NUMBER
System control number (OCoLC)13707980
040 ## - CATALOGING SOURCE
Original cataloging agency DLC
Transcribing agency MnCS
Modifying agency MnCS
-- DLC
042 ## - AUTHENTICATION CODE
Authentication code premarc
050 00 - LIBRARY OF CONGRESS CALL NUMBER
Classification number PQ2611.O614
Item number C5
100 1# - MAIN ENTRY--PERSONAL NAME
Personal name Folliet, Joseph.
245 14 - TITLE STATEMENT
Title Les chants du soleil noir :
Remainder of title poèmes de guerre et de captivité /
Statement of responsibility, etc. Joseph Folliet.
260 ## - PUBLICATION, DISTRIBUTION, ETC.
Place of publication, distribution, etc. Paris :
Name of publisher, distributor, etc. Éditions du temps présent,
Date of publication, distribution, etc. [1943?]
300 ## - PHYSICAL DESCRIPTION
Extent 133 p. ;
Dimensions 22 cm.

No items available.

Powered by Koha